Special report (Record no. 79647)
[ view plain ]
| 000 -LEADER | |
|---|---|
| fixed length control field | 01064cab a22002175a 4500 |
| 001 - CONTROL NUMBER | |
| control field | L141892 |
| 008 - FIXED-LENGTH DATA ELEMENTS--GENERAL INFORMATION | |
| fixed length control field | 080109e20080104xxko f 000 0 eng d |
| 035 ## - SYSTEM CONTROL NUMBER | |
| System control number | (Sirsi) u141892 |
| 041 0# - LANGUAGE CODE | |
| Language code of text/sound track or separate title | eng |
| 100 1# - MAIN ENTRY--PERSONAL NAME | |
| Personal name | Shah, Aditi |
| 245 00 - TITLE STATEMENT | |
| Title | Special report |
| Remainder of title | healthcare |
| 260 ## - PUBLICATION, DISTRIBUTION, ETC. | |
| Date of publication, distribution, etc. | 2008 |
| 490 ## - SERIES STATEMENT | |
| Series statement | Property Week |
| Volume/sequential designation | 73(1) 4 January 2008, 67-75(6) |
| 520 ## - SUMMARY, ETC. | |
| Summary, etc. | Reports that investors are moving to the care home sector in an attempt to avoid the credit crunch. Focuses on recent purchases made by the Raven Group and a joint venture by Citrus and Apollo. Examines the business case for health screening clinics as a property investment. Reports on joint ventures between GPs and developers to build healthcare centres. Addresses how difficult it can be to lose weight and stop drinking in the alcohol-fuelled property industry. Also presents other news in brief. |
| 590 ## - LOCAL NOTE (RLIN) | |
| Local note | KA |
| 651 #4 - SUBJECT ADDED ENTRY--GEOGRAPHIC NAME | |
| Geographic name | United Kingdom |
| Chronological subdivision | |
| 690 ## - LOCAL SUBJECT ADDED ENTRY--TOPICAL TERM (OCLC, RLIN) | |
| Topical term or geographic name as entry element | PROPERTY-OTHER PROPERTY TYPES-HEALTHCARE AND WELFARE PROPERTY |
| 700 1# - ADDED ENTRY--PERSONAL NAME | |
| Personal name | Hipwell, Deirdre |
| 700 1# - ADDED ENTRY--PERSONAL NAME | |
| Personal name | Barrett, Claer |
| 942 ## - ADDED ENTRY ELEMENTS (KOHA) | |
| Suppress in OPAC | 0 |
| Withdrawn status | Lost status | Source of classification or shelving scheme | Damaged status | Not for loan | Home library | Current library | Shelving location | Date acquired | Total Checkouts | Full call number | Barcode | Date last seen | Copy number | Price effective from | Koha item type |
|---|---|---|---|---|---|---|---|---|---|---|---|---|---|---|---|
| Dewey Decimal Classification | London | London | Journal article | 09/01/2008 | L141892 | 141892-1001 | 06/08/2019 | 1 | 06/08/2019 | Journal article |